| 000 | 01715cam a2200445Mi 4500 | ||
|---|---|---|---|
| 001 | 83399 | ||
| 005 | 20230404125945.0 | ||
| 008 | 990608s1996 mx 000 0 spa d | ||
| 035 | _a(OCoLC)ocn467652942 | ||
| 040 |
_aBDF _bfre _cBDF |
||
| 016 | 7 |
_aFRBNF373218620000002 _2FrPBN |
|
| 020 | _a9683648258 (br) | ||
| 020 | _a9789683648259 (br) | ||
| 029 | 1 |
_aZWZ _b008042926 |
|
| 035 | _a(OCoLC)467652942 | ||
| 050 | 1 | 4 |
_a103 F 2521 _bC764c 1996 |
| 082 | 0 | 0 | _a981 |
| 100 | 1 | _aContreras, Mario. | |
| 245 | 1 | 0 |
_aCronología histórica del Brasil : _b(1500-1992) / _cMario Contreras. |
| 260 |
_aMéxico : _bUniversidad Nacional Autónoma de México. Centro Coordinador y Difusor de Estudios Latinoamericanos, _c1996. |
||
| 300 |
_a138 p. ; _c21 cm. |
||
| 490 | 0 |
_aSerie Nuestra América ; _v51 |
|
| 500 | _aSubtítulo tomado de la carátula. | ||
| 651 | 0 |
_aBrazil _xHistory _xSources. |
|
| 651 | 0 |
_aBrazil _xHistory _xChronology. |
|
| 651 | 0 |
_aBrazil _xPolitics and government. |
|
| 600 | 0 | 4 |
_aPedro _bI, _cEmperador de Brasil, _d1798-1834. |
| 600 | 0 | 4 |
_aPedro _bII, _cEmperador de Brasil, _d1825-1891. |
| 651 | 4 |
_aAmérica _xDescubrimiento y exploraciones _xPortugueses. |
|
| 651 | 4 |
_aBrasil _xHistoria _y1500-1992. |
|
| 651 | 4 |
_aBrasil _xPolítica y gobierno. |
|
| 651 | 7 |
_aBrásil _xHistoire _xChronologie. _2ram |
|
| 760 | 0 |
_tSerie Nuestra América (Universidad nacional autánoma de México) _g51 _w(FrPBN)34267588 |
|
| 856 | 4 | 2 |
_3Notice et cote du catalogue de la Bibliothéque nationale de France _uhttp://catalogue.bnf.fr/ark:/12148/cb373218628 |
| 886 | 1 |
_2intermrc _a009 _bax-x--------------- |
|
| 886 | 2 |
_2intermrc _a917 _b-- _oGEA _a006176119 |
|
| 942 |
_2lcc _cbk |
||
| 946 | _amm | ||
| 994 |
_aC0 _bDRFGD |
||
| 999 |
_c8064 _d8064 |
||